000
00272nam a22001217a 4500
082
_a
891.43930
100
_a
DEPUTY NAZIR AHMAD
245
_a
KULYAAT DEPUTY NAZIR AHMAD
260
_a
Lahore,
_c
Khzina Ilm O Adab.
300
_a
1102p. ;
500
_a
Hardcover.
942
_c
BK
999
_c
32574
_d
32574